000 00563nam a2200181Ia 4500
003 GCL
008 140319s9999 xx 000 0 eng d
040 _aGCL /
_cGCL
082 0 4 _a338.4
_bG P
100 1 _aGREGORY, WILLIAM H.
245 1 0 _aTHE PRICE OF PEACE: THE FUTURE OF DEFENSE INDUSTRY AND HIGH TECHNOLOGY IN A POST-COLD WAR WORLD /
_cGREGORY, WILLIAM H.
260 _a[S.N] :
_bLEXINGTON BOOKS ،
_c1993
300 _a225 P[
650 0 4 _aINDUSTRY AND STATE
650 0 4 _aDEFENSE INDUSTRIES
650 0 4 _aHIGH TECHNOLOGY INDUSTRIES
942 _2ddc
_cBK
999 _c21342
_d21342